Principios de fisiología animal / (Record no. 487)
[ view plain ]
| 000 -LEADER | |
|---|---|
| campo de control de longitud fija | 01237nam a2200277z 4500 |
| 003 - IDENTIFICADOR DE NÚMERO DE CONTROL | |
| campo de control | MX-LbUP |
| 005 - FECHA Y HORA DE LA ÚLTIMA TRANSACCIÓN | |
| campo de control | 20240829110704.0 |
| 008 - DATOS DE LONGITUD FIJA--INFORMACIÓN GENERAL | |
| campo de control de longitud fija | a523227c2007 | sp 9222223322spa22 |
| 020 ## - NÚMERO INTERNACIONAL ESTÁNDAR DEL LIBRO | |
| Número Internacional Estándar del Libro | 9788478290826 |
| 040 ## - FUENTE DE CATALOGACIÓN | |
| Centro/agencia transcriptor | MX-LbUP |
| 050 10 - SIGNATURA TOPOGRÁFICA DE LA BIBLIOTECA DEL CONGRESO | |
| Número de clasificación | QP31.2 |
| Número de ítem | M69 2007 |
| 100 1# - ENTRADA PRINCIPAL--NOMBRE DE PERSONA | |
| Nombre de persona | Moyes, Christopher D. |
| 9 (RLIN) | 1251 |
| Término indicativo de función/relación | autor |
| 240 10 - TÍTULO UNIFORME | |
| Título uniforme | Principles of animal physiology. |
| Lenguaje de la obra | Español |
| 245 10 - MENCIÓN DEL TÍTULO | |
| Título | Principios de fisiología animal / |
| Mención de responsabilidad, etc. | Cristopher D. Moyes, Patricia M. Schulte ; traducción, María González Moreno, Beatriz Gal Iglesias, Elena |
| 260 ## - PUBLICACIÓN, DISTRIBUCIÓN, ETC. | |
| Lugar de publicación, distribución, etc. | Madrid, España : |
| Nombre del editor, distribuidor, etc. | Pearson Addison Wesley, |
| Fecha de publicación, distribución, etc. | c2007 |
| 300 ## - DESCRIPCIÓN FÍSICA | |
| Extensión | xxxi, 767 páginas : |
| Otras características físicas | ilustraciones a color, diagramas, fórmulas, gráficas, tablas ; |
| Dimensiones | 27 cm. |
| 500 ## - NOTA GENERAL | |
| Nota general | Incluye índice. |
| 500 ## - NOTA GENERAL | |
| Nota general | Traducción de: Principles of animal physiology. |
| 650 #0 - PUNTO DE ACCESO ADICIONAL DE MATERIA--TÉRMINO DE MATERIA | |
| Término de materia o nombre geográfico como elemento de entrada | Fisiología |
| 9 (RLIN) | 1253 |
| 700 1# - ENTRADA AGREGADA--NOMBRE PERSONAL | |
| Nombre de persona | Schulte, Patricia M. |
| 9 (RLIN) | 1254 |
| Término indicativo de función/relación | coautor |
| 700 1# - ENTRADA AGREGADA--NOMBRE PERSONAL | |
| Nombre de persona | González M., María Cristina |
| Forma completa/desarrollada del nombre | (González Moreno) |
| 9 (RLIN) | 1255 |
| Término indicativo de función/relación | traductor |
| 700 1# - ENTRADA AGREGADA--NOMBRE PERSONAL | |
| Nombre de persona | Gal Iglesias, Beatriz |
| 9 (RLIN) | 11191 |
| Término indicativo de función/relación | traductor |
| 700 1# - ENTRADA AGREGADA--NOMBRE PERSONAL | |
| Nombre de persona | Sanjosé Román, Elena |
| 9 (RLIN) | 11192 |
| Término indicativo de función/relación | traductor |
| 856 ## - LOCALIZACIÓN Y ACCESO ELECTRÓNICOS | |
| Materiales especificados | Tabla de contenido |
| Identificador Uniforme de Recursos | <a href="http://www.unpa.edu.mx/bibliotecas/images/portadas/Tablas%20de%20contenido/3184.pdf">http://www.unpa.edu.mx/bibliotecas/images/portadas/Tablas%20de%20contenido/3184.pdf</a> |
| 942 ## - ELEMENTOS DE ENTRADA SECUNDARIOS (KOHA) | |
| Fuente del sistema de clasificación o colocación | Clasificación de Library of Congress |
| Tipo de ítem Koha | Libro |
| Estatus retirado | Estado de pérdida | Fuente del sistema de clasificación o colocación | Estado de daño | No para préstamo | Biblioteca de origen | Biblioteca actual | Fecha de adquisición | Número de inventario | Total de préstamos | Signatura topográfica completa | Código de barras | Visto por última vez | Fecha del último préstamo | Copia número | Precio de reemplazo | Tipo de ítem Koha |
|---|---|---|---|---|---|---|---|---|---|---|---|---|---|---|---|---|
| Clasificación de Library of Congress | Loma Bonita | Loma Bonita | 11/07/2023 | 003518 | 2 | QP31.2 M69 2007 | 003518 | 11/03/2024 | 11/03/2024 | Ej. 1 | 11/07/2023 | Libro |